ARRUPE JESUIT UNIVERSITY

CORONAVIRUS -STOP THE SPREAD - CLEAN,DISINFECT,COVER

Step it down; (Record no. 126858)

MARC details
000 -LEADER
fixed length control field 01007cam a2200313 4500
001 - CONTROL NUMBER
control field 295926
003 - CONTROL NUMBER IDENTIFIER
control field ARRUPE
005 - DATE AND TIME OF LATEST TRANSACTION
control field 20170831124031.0
008 - FIXED-LENGTH DATA ELEMENTS--GENERAL INFORMATION
fixed length control field 720602s1972 nyug b 001 0 eng
010 ## - LIBRARY OF CONGRESS CONTROL NUMBER
LC control number 71083598
020 ## - INTERNATIONAL STANDARD BOOK NUMBER
International Standard Book Number 0060117834
040 ## - CATALOGING SOURCE
Original cataloging agency DLC
Transcribing agency DLC
Modifying agency DLC
043 ## - GEOGRAPHIC AREA CODE
Geographic area code n-us---
050 00 - LIBRARY OF CONGRESS CALL NUMBER
Classification number GV1771
Item number .J64
082 00 - DEWEY DECIMAL CLASSIFICATION NUMBER
Classification number 796.1/3
300 ## - PHYSICAL DESCRIPTION
Dimensions 24 cm.
100 1# - MAIN ENTRY--PERSONAL NAME
Personal name Jones, Bessie,
Dates associated with a name 1902-1984.
9 (RLIN) 35464
245 10 - TITLE STATEMENT
Title Step it down;
Remainder of title games, plays, songs, and stories from the Afro-American heritage,
Statement of responsibility, etc by Bessie Jones and Bess Lomax Hawes.
250 ## - EDITION STATEMENT
Edition statement [1st ed.]
260 ## - PUBLICATION, DISTRIBUTION, ETC. (IMPRINT)
Place of publication, distribution, etc New York,
Name of publisher, distributor, etc Harper & Row publishing
Date of publication, distribution, etc [1972]
300 ## - PHYSICAL DESCRIPTION
Extent xxi, 233 p.
350 ## - PRICE (NR) (BK AM CF MU VM SE) [OBSOLETE]
Price $10.00
504 ## - BIBLIOGRAPHY, ETC. NOTE
Bibliography, etc Bibliography: p. [223]-225.
650 #0 - SUBJECT ADDED ENTRY--TOPICAL TERM
Topical term or geographic name as entry element Play-party.
9 (RLIN) 35465
650 #0 - SUBJECT ADDED ENTRY--TOPICAL TERM
Topical term or geographic name as entry element Singing games
9 (RLIN) 35466
650 #0 - SUBJECT ADDED ENTRY--TOPICAL TERM
Topical term or geographic name as entry element Negro songs
9 (RLIN) 35467
700 1# - ADDED ENTRY--PERSONAL NAME
Personal name Hawes, Bess Lomax,
Dates associated with a name 1921-2009,
Relator term joint author.
9 (RLIN) 35468
906 ## - LOCAL DATA ELEMENT F, LDF (RLIN)
a 7
b cbc
c orignew
d 2
e opcn
f 19
g y-gencatlg
942 ## - ADDED ENTRY ELEMENTS (KOHA)
Source of classification or shelving scheme Library of Congress Classification
Koha item type Monograph ( Printed materials)
Holdings
Withdrawn status Lost status Source of classification or shelving scheme Damaged status Not for loan Collection code Home library Current library Shelving location Date acquired Total Checkouts Full call number Barcode Date last seen Price effective from Koha item type
    Library of Congress Classification     Main Collection ARRUPE LIBRARY ARRUPE LIBRARY Main Collection 31/08/2017   GV1771 .J64 46500028020 10/04/2018 31/08/2017 Monograph ( Printed materials)

 

Arrupe Library. PO Box MP320 Mt Pleasant, Harare, Zimbabwe
263 242 745411|librarian@aju.ac.zw